[Event "Xtracon Open 2019"]
[Site "Helsingor"]
[Date "2019.07.28"]
[Round "10.13"]
[White "Salerno, Christian"]
[Black "Larsen, Karsten"]
[Result "0-1"]
[WhiteElo "2047"]
[BlackElo "2254"]
[Annotator "TA"]
[PlyCount "60"]
[EventDate "2019.07.19"]
[EventType "swiss"]
[EventCountry "DEN"]
[SourceTitle "playchess.com"]
[Source "ChessBase"]
[SourceQuality "1"]

1. e4 e5 2. Nf3 Nc6 3. Bc4 Bc5 4. b4 Bb6 5. O-O d6 6. a4 a6 7. c3 Nf6 8. d3 O-O 9. h3 h6 10. Re1 Re8 11. a5 Ba7 12. Nbd2 Nh5 13. Nf1 Qf6 14. Be3 Nf4 15. Ng3 g6 16. d4 h5 17. dxe5 dxe5 18. Bxa7 Nxa7 19. Re3 Rd8 20. Qb3 Nb5 21. h4 Be6 22. Ng5 Bxc4 23. Qxc4 Rd2 24. Rf3 Rad8 25. Nf1 R2d3 26. Ne3 Rxc3 27. Qa2 Nd4 28. Rxf4 Qxf4 29. g3 Qf6 30. Nd5 Nf3+ 0-1

[Event "Xtracon Open 2019"]
[Site "Helsingor"]
[Date "2019.07.28"]
[Round "10.23"]
[White "Solberg, Joachim"]
[Black "Rostgaard, Tobias Valentin"]
[Result "1/2-1/2"]
[WhiteElo "2181"]
[BlackElo "2390"]
[Annotator "TA"]
[PlyCount "29"]
[EventDate "2019.07.19"]
[EventType "swiss"]
[EventCountry "DEN"]
[SourceTitle "playchess.com"]
[Source "ChessBase"]
[SourceQuality "1"]

1. e4 e5 2. Nf3 Nc6 3. Bb5 Nf6 4. O-O Nxe4 5. Re1 Nd6 6. Nxe5 Nxe5 7. Rxe5+ Be7 8. Bf1 O-O 9. d4 Bf6 10. Re1 Nf5 11. c3 d5 12. Bf4 c6 13. Nd2 Nd6 14. Bd3 g6 15. Qf3 1/2-1/2